000 00715cam a22001934a 4500
005 20250605164133.0
008 250528s ||||||||||||||||||||||||d
035 _a18656
020 _a414903203
040 _aGR-AtMCL
_bgre
_dGR-AtMCL
_eAACR2
245 1 _aFemmes Fatales / Feminism, Film Theory, Psychoanalysis
260 _bRouledge,
_c1991
300 _a312
520 _aQuestions of sexual difference and knowledge in cinematic, theoretical, and psychoanalytic discourses. Acknowledgements, Theoretical Excursions, Femme Fatales, The Body of the Avant-Garde, At the Edges of Psychoanalysis, Notes, Index.
700 1 _aDoane Mary Ann
_94921
942 _cBK
999 _c4001
_d4001